| 000 | 00630nam a2200217 i 4500 | ||
|---|---|---|---|
| 001 | 90730 | ||
| 003 | ES-MaACL | ||
| 007 | t| | ||
| 008 | 050124s1986 sp ||||1| spa d | ||
| 020 | _a84-376-0163-0 | ||
| 100 | 1 |
_aLeón, Aurora. _971568 |
|
| 245 | 1 | 3 |
_aEl museo _b: teoría, praxis y utopía / _cAurora León. |
| 250 | _a3ª ed. | ||
| 260 |
_aMadrid : _bCátedra, _c1986. |
||
| 300 |
_a378 p. : _bil. ; _c18 cm. |
||
| 490 | 1 |
_aCuadernos de arte cátedra ; _v5 |
|
| 504 | _aBibliografía. | ||
| 830 | 0 |
_aCuadernos arte Cátedra _v5 _9181519 |
|
| 852 |
_aES-MaACL _jL-9909 _bR.111452 |
||
| 999 |
_c90730 _d90730 |
||